000 00280nam a22001217a 4500
008 180803b xxu||||| |||| 00| 0 eng d
082 _a813.52
245 _aWhere Poems Come From
_cAmichai,Y
260 _c1991
300 _a1
_fCassette
440 _x1573940402
942 _2ddc
_cMX
999 _c46750
_d46750